Library of the University of Algiers 3
Ibrahim Sultan Cheibout
شعار جامعة الجزائر 3
مكتبة جامعة الجزائر 3
إبراهيم سلطان شيبوط

التطويع القضائي للقواعد القانونية الواجبة التطبيق في مجال عقود التجارة الدولية / (رقم التسجيلة. 45711)

تفاصيل مارك
000 -LEADER
fixed length control field 01331nam a2200277Ia 4500
003 - CONTROL NUMBER IDENTIFIER
control field Ost
005 - DATE AND TIME OF LATEST TRANSACTION
control field 20260507075656.0
008 - FIXED-LENGTH DATA ELEMENTS--GENERAL INFORMATION
fixed length control field 260507s9999||||xx |||||||||||||| ||und||
040 ## - CATALOGING SOURCE
Transcribing agency fsecg
041 ## - LANGUAGE CODE
Language code of text/sound track or separate title ara
082 ## - DEWEY DECIMAL CLASSIFICATION NUMBER
Classification number 341.754
100 ## - MAIN ENTRY--PERSONAL NAME
Personal name موسى، محمد ابراهيم
Relator term مؤلف
245 #0 - TITLE STATEMENT
Title التطويع القضائي للقواعد القانونية الواجبة التطبيق في مجال عقود التجارة الدولية /
Statement of responsibility, etc. محمد ابراهيم موسى
260 ## - PUBLICATION, DISTRIBUTION, ETC.
Place of publication, distribution, etc. الاسكندرية:
Name of publisher, distributor, etc. دار الجامعة الجديدة للنشر,
Date of publication, distribution, etc. 2005
300 ## - PHYSICAL DESCRIPTION
Extent 168 صفحة؛
Other physical details إيضاحات ؛
Dimensions 24 سم
490 ## - SERIES STATEMENT
Series statement المكتبة القانونية
504 ## - BIBLIOGRAPHY, ETC. NOTE
Bibliography, etc. note المراجع ص.147
520 ## - SUMMARY, ETC.
Summary, etc. تهيئة قانون العقد وفقا لمقتضيات التجارة الدولية، ضوابط تهيئة قانون العقد، كيفية مطابقة القواعد القانونية الواجبة التطبيق على عقود التجارة الدولية.
653 ## - INDEX TERM--UNCONTROLLED
Uncontrolled term العقود
653 ## - INDEX TERM--UNCONTROLLED
Uncontrolled term العقود التجارية
653 ## - INDEX TERM--UNCONTROLLED
Uncontrolled term العقود التجارية الدولية
653 ## - INDEX TERM--UNCONTROLLED
Uncontrolled term القانون التجاري
653 ## - INDEX TERM--UNCONTROLLED
Uncontrolled term القانون الدولي التجاري
653 ## - INDEX TERM--UNCONTROLLED
Uncontrolled term عقود البيع الدولية
942 ## - ADDED ENTRY ELEMENTS (KOHA)
Koha item type كتب

لا توجد مواد متاحة.

موارد الويب المفتوحة


© University of Algiers 3 All Rights Reserved
|
Implemented by LECHELAH Riad